Normal view
MARC view
Entry Topical Term
001 - CONTROL NUMBER
- control field: 1235808
003 - CONTROL NUMBER IDENTIFIER
- control field: OSt
005 - DATE AND TIME OF LATEST TRANSACTION
- control field: 20260428103436.0
008 - FIXED-LENGTH DATA ELEMENTS
- fixed length control field: 260428|| aca||aabn | a|a d
040 ## - CATALOGING SOURCE
- Original cataloging agency: OSt
- Transcribing agency: OSt
150 ## - HEADING--TOPICAL TERM
- Topical term or geographic name entry element: ANCIENT ARCHITECTURE-VASTUSASTRA AND MURTI KALA
670 ## - SOURCE DATA FOUND
- Source citation: Work cat.: (OSt)1848588: Sharma, Raj Kishore, Ed. 1235806, Vastu Shastra: , 2025
